03851nam a22002897a 4500003000900000005001700009008003500026020001800061040002200079082002900101100004300130245016000173260003500333300002600368500007300394500007400467504003200541505259400573590002603167600007003193650007603263700003203339910002503371942001203396952013603408999001703544DO-SdBNP20230508092720.0210224b2017 dr ||| 00| 0 spa d a9789945600971 aBPMSUbspacBPMSU a972.9304bP438l 20172221 aPérez Pérez, Manuel Otilio d1947-13aEl legado imperecedero de Tomás Bobadilla :bcreador y organizador del Estado dominicano /cManuel Otilio Pérez Pérez ; prólogo Julio Ramírez  aSanto Domingo :bBúho,c2017 a213 p.:bil. c23 cm. aincluye datos biográficos del autor, en la solapa de la cubierta . aIncluye referencias bibliográficas y notas al pie de las páginas  aBibliografía : p. 211-2130 aPrólogo – Introducción -- De colonia española a colonia francesa -- De colonia francesa a colonia española -- De España boba a independencia efímera -- Independencia efímera a dominación haitiana -- Tomás Bobadilla y su movimiento separatista -- Representación de la junta popular, 8 de junio 1843, 35.-- Sánchez y Mella se aliaron a Bobadilla -- Proyecto separatista en las Matas de Farfán -- Movimiento separatista del señor Pimentel en las Matas de Farfán -- Antonio López Villanueva y Tomás Bobadilla -- Memorias de Antonio López Villanueva -- Tomás Bobadilla y Gaspar Hernández -- Del padre Gaspar Hernández al gobernador de Puerto Rico -- Tomás Bobadilla Briones: autor del manifiesto del 16 de enero de 1844 -- Trascendencia de la manifestación del 16 de enero de 1844 -- El plan Levasseur -- Bobadilla no aparece entre los firmantes del plan Levasseur. No tenía calidad. Eso era asunto de diputados constituyentes y Bobadilla no lo era -- A los amantes de la libertad -- Pro Báez -- Dominicanos afrancesados -- Carta del general J. M. Imbert a Saint Denys -- Tomás Bobadilla antiesclavista y abolicionista -- El pensamiento antiesclavista de Tomás Bobadilla y Briones -- Bobadilla y la proclamación de la República Dominicana -- Tomás Bobadilla y el 28 de febrero de 1844 -- La revolución de la independencia fue eminentemente antiesclavista -- Tomás Bobadilla Briones primer y único presidente de la junta provisional gubernativa -- Entregas de la plaza de Santo Domingo -- Bobadilla ordenador del estado dominicano -- Bobadilla y la nacionalidad dominicana -- Comunicación solicitando protección a Francia -- Tramitación de la solicitud del protectorado a Francia -- Tomás Bobadilla y los haitianos -- El Partido Pro-haitiano -- Lista de los asistentes al baluarte de el Conde, la noche del 27 de febrero y los días 28 y 29, encabezados por Bobadilla -- Bobadilla y el nombre del nuevo estado República Dominicana -- Tomás Bobadilla y el nombre del nuevo estado de República Dominicana -- Francisco Sánchez y Tomás Bobadilla Briones -- Las insubordinaciones de Francisco Sánchez -- Reiteración de la solicitud de protección de Francia -- Tomás Bobadilla Briones y La Independencia -- Francisco del Rosario Sánchez y el 27 de Febrero -- Ascensos militares. La oficialidad del ejército de Santo Domingo -- Golpe de estado del 9 de junio de 1844 -- Tercera solicitud de protección a Francia -- Miembros de la Junta Central Gubernativa -- El legado imperecedero de Tomás Bobadilla. aInventariado/ 2021/MC14aBobadilla y Briones, Tomás,d1785-1871 xPensamiento político 4aPolíticos dominicanoszRepública DominicanayHistoria, 1844-1861x 1 a Ramírez, Julioepról.  aMCabrera /VMateo V.  2ddccBK 00102ddc40708CDaBPMETbBPMETd2021-02-24i2021-02-24oBPMSU CD 972.9304 P438l 2017pBPMSU 21020014r2021-02-24w2021-02-24yBK c13379d13379